000 00249nam a2200109Ia 4500
008 190216s9999||||xx |||||||||||||| ||und||
100 _aNamvarsinh
245 0 _aHindi-Kavitha Ke Nayi Prathiman
260 _bRajkamal
650 _aHindi
942 _cBK
999 _c15245
_d15245